[Event "EU-Cup 24th"]
[Site "Kallithea"]
[Date "2008.10.20"]
[Round "4"]
[White "Henrichs, Thomas"]
[Black "Ris, Robert"]
[Result "1/2-1/2"]
[WhiteElo "2485"]
[BlackElo "2417"]
[Annotator "Rogozenco,D"]
[PlyCount "103"]
[EventDate "2008.10.17"]
[EventType "team-swiss"]
[EventRounds "7"]
[EventCountry "GRE"]
[SourceTitle "CBM 127"]
[Source "ChessBase"]
[SourceDate "2008.11.13"]
[SourceVersion "1"]
[SourceVersionDate "2008.11.13"]
[SourceQuality "1"]
[WhiteTeam "Differdange"]
[BlackTeam "Utrecht"]
[WhiteTeamCountry "LUX"]
[BlackTeamCountry "NED"]

1. d4 d5 2. c4 c6 3. Nf3 Nf6 4. Nc3 a6 5. a4 e6 6. Bg5 a5 7. e3 Na6 8. Bd3 Nb4
9. e4 {This is an interesting attempt to exploit the advantage in development
without wasting time on the bishop's retreat.} (9. Bb1 $13 {/+/=}) (9. O-O Nxd3
10. Qxd3 Be7 11. e4 {leads to the game Shulman,Y (2550)-Zatonskih,A (2435)/
Stillwater 2005, which continued} dxe4 (11... O-O 12. Rfe1 $5 $14) 12. Nxe4 O-O
13. Bxf6 gxf6 (13... Bxf6 14. Nxf6+ Qxf6 15. c5 $14) 14. Rfe1 Kh8 15. Rad1 b6
16. Qe3 Bb7 17. Nc3 {This is a complicated double-edged position. The next
part of the game showed White's potential:} Bb4 18. Qh6 Rg8 19. Re4 $1 Rg6 20.
Qh3 Rc8 {(waste of time)} 21. Rh4 Qg8 22. Ne2 Rd8 23. Nf4 Rg7 24. Nh5 Rg6 25.
Nxf6 $1 Rxf6 26. Ng5 {and White won soon.}) 9... dxe4 (9... Nxd3+ 10. Qxd3) 10.
Nxe4 (10. Bxe4 Be7 11. O-O O-O 12. Qe2 b6 13. Rad1 Nxe4 (13... Bb7 14. Bb1 $14)
14. Nxe4 Bxg5 15. Nexg5 h6 16. Ne4 Qc7 $11 {1/2-1/2 Lugovoi,A (2510)-Volkov,S 
(2587)/Novgorod 1999 (64)}) 10... Be7 (10... c5 11. O-O Be7 (11... cxd4 12. c5
$44) 12. Bxf6 gxf6 (12... Bxf6 13. Nxf6+ (13. Nxc5 $2 Bxd4 {[%csl Rd3]}) 13...
Qxf6 14. Be4 $14) 13. d5 $1 $36 {1-0 Gagunashvili,M (2611)-Grabarczyk,M (2461)/
Cappelle la Grande 2007 (62)}) 11. Bxf6 $146 (11. Nxf6+ gxf6 12. Bh4 e5 13. O-O
Be6 14. Re1 $13 {0-1 Ponomariov,R (2705)-Wang Hao (2643)/Khanty-Mansiysk 2007 
(76)}) 11... gxf6 ({In the event of} 11... Bxf6 12. Nxf6+ Qxf6 13. O-O {
White is slightly better thanks to Black's problems to develop his bishop.})
12. O-O e5 $2 {Black plays similarly to the game Ponomariov-Wang Hao, but with
Ne4 instead of Bh4 the situation is different.} ({The critical line is} 12...
f5 13. Ng3 h5 $13 {, later developing the light-squared bishop on the long
diagonal.}) 13. Ng3 $1 $16 {[%csl Rf5]} Be6 (13... Bg4 14. Bf5 Bxf3 15. Qxf3
Qxd4 16. Qe2 $44 {[%csl Re8]}) (13... Nxd3 14. Qxd3 Be6 15. Rad1 $16 {With so
many weaknesses in Black's position the knights are clearly more powerful than
the bishops.}) 14. Bf5 $1 ({After} 14. Re1 Qd7 {Black covers the f5-square and
is ready to castle long.}) 14... Qd7 (14... Bxc4 15. Re1 $44) 15. Bxe6 Qxe6 16.
dxe5 {Another important move - the black king must be prevented from hiding on
the queenside.} (16. Re1 $6 O-O-O {would have reduced White's advantage a lot.}
) 16... fxe5 17. Qe2 f6 (17... O-O-O 18. Qxe5 $16) 18. Rad1 Rd8 19. Nd4 $1 (19.
Rxd8+ Kxd8 20. Nd4 Qf7 21. Ndf5 Kc7 $14) 19... Qf7 20. Ndf5 Qg6 21. f4 $18 Bc5+
22. Kh1 O-O 23. fxe5 fxe5 (23... Rde8 24. e6 $18) 24. Qxe5 b6 25. Rxd8 Rxd8 26.
Nh5 {The drawback of this move - it offers Black counterplay due to the back
rank weakness.} (26. Ne4 {controls square f2 and wins easily:} Nd3 27. Ne7+
Bxe7 28. Qxe7 Ra8 29. Rf3 $18) 26... Nd3 {Black threatens check on f2 followed
by the mate on d1, therefore White must spend time on defence.} 27. Qe2 Kh8 {
With a pawn up White is still clearly better, but the winning task is not so
simple anymore.} 28. g4 {A questionable decision, creating additional tactical
motifs for Black.} (28. h3 Qe8 29. Qg4 $16) 28... Qe8 29. Qf3 Nf2+ $1 30. Rxf2
(30. Kg2 Rd2 $132) 30... Bxf2 31. Qc3+ (31. Qxf2 $2 Qe4+ $19) 31... Bd4 32.
Nxd4 Qe5 33. Nxc6 (33. Ne2 Rd1+ 34. Kg2 Qxc3 35. Nxc3 Rd2+ 36. Kf3 Rxb2 $13 {/=
}) 33... Qxc3 34. bxc3 Rd1+ 35. Kg2 Ra1 {Black saves the endgame due to
White's weak pawns and the lack of coordination between the knights.} 36. c5
bxc5 37. Nxa5 Rxa4 38. Nb7 Rc4 (38... Rxg4+ 39. Ng3 Rc4 40. Ne2 $14) 39. Ng3 (
39. Nd6 Rxc3 40. Ne4 Rc2+ 41. Kg3 c4 $11) 39... Rxc3 40. Ne4 Rc2+ 41. Kg3 c4
$11 42. Nbd6 c3 43. Kf4 Rd2 44. Ke3 Rxh2 45. Nxc3 Rh3+ 46. Kd4 Rh4 47. Nf7+ Kg7
48. Ne5 h5 49. Ke4 Rxg4+ 50. Nxg4 hxg4 51. Kf4 g3 52. Kxg3 1/2-1/2

[Event "Bundesliga 0304"]
[Site "Germany"]
[Date "2004.04.24"]
[Round "14.1"]
[White "Savchenko, Stanislav"]
[Black "Rogozenco, Dorian"]
[Result "1/2-1/2"]
[WhiteElo "2563"]
[BlackElo "2517"]
[Annotator "Rogozenco,D"]
[PlyCount "59"]
[EventDate "2003.11.01"]
[EventType "team-tourn"]
[EventRounds "15"]
[EventCountry "GER"]
[SourceTitle "CBM 101"]
[Source "ChessBase"]
[SourceDate "2004.07.27"]
[SourceVersion "1"]
[SourceVersionDate "2004.07.27"]
[SourceQuality "1"]
[WhiteTeam "Hofheim"]
[BlackTeam "Neukoelln"]
[WhiteTeamCountry "GER"]
[BlackTeamCountry "GER"]

1. d4 d5 2. c4 c6 3. Nc3 Nf6 4. e3 a6 5. Nf3 b5 6. c5 $5 {A relatively rare
system, which nevertheless is certainly very interesting. In spite of the fact
that it was occasionally played before, I never took it very seriously and I
considered that if it ever occurs in my games, I'll be able to equalize
without needing a special preparation. A superficial approach, as the present
game demonstrates.} Bg4 {It seems that White has slightly better chances after
this natural reaction.} (6... Bf5 {Now I consider that this is not worse. It
is amazing that in several lines of Slav Defence (particularly in Chebanenko
Slav) Black tries first ...Bg4 and then the experience shows that ...Bf5 is a
decent alternative.}) 7. h3 Bxf3 (7... Bh5 8. g4 Bg6 9. Ne5 $36 {1/2-1/2
Vijayalakshmi,S-Stefanova,A/Bled 2002 (63)}) 8. Qxf3 $1 (8. gxf3 e6 9. f4 Nbd7
10. Bd3 g6 {is about equal, 1/2-1/2 Piket,J-Bosch,J/Netherlands 1994 (43)})
8... g6 (8... Nbd7 {This is probably better.} 9. g4 ({I was mainly concerned
with} 9. e4 e5 10. exd5 exd4 11. dxc6 {but Black might be okay here. This
needs a separate analysis}) 9... e5 10. g5 e4 11. Qg2 (11. Qd1 Ng8 12. h4 g6
13. Qg4 h6 $1 {The precise move, preventing 14.h5} 14. Rg1 (14. h5 $2 hxg5)
14... hxg5 15. hxg5 Ne7 16. Bd2 Nf5 17. f4 {1/2-1/2 Zvjaginsev,V-Lautier,J/
Poikovsky 2004}) 11... Ng8 12. h4 g6 13. f3 (13. h5 $5) 13... exf3 14. Qxf3 Bg7
15. Bd2 (15. Bh3 $5 {1-0 Lautier,J-Fressinet,L/playchess.com, blitz 2004 (76)})
15... f5 16. O-O-O Nf8 $14 {/~~, 1/2-1/2 Zvjaginsev,V-Amonatov,F/Dagomys 2004 
(31)}) 9. Qd1 $1 Bg7 (9... e5 10. dxe5 Nfd7 11. e4 $5 $36) 10. f4 b4 $2 {
A severe strategical mistake, based on some tactical miscalculation. I thought
Black can use square e4 and the weakness of the diagonal e1-h4, but that was
just an illusion. Correct was 10...Nbd7 or 10...a5, although White keeps the
advantage in all cases.} 11. Na4 Ne4 12. Bd3 $16 Ng3 (12... e5 {Simply doesn't
work. For instance:} 13. Bxe4 dxe4 14. fxe5 Qh4+ 15. Ke2) 13. Rg1 f5 14. Bd2 {
Now Black is in real trouble.} a5 15. Nb6 Ra7 16. Qf3 $6 ({After} 16. a3 {
(which in fact wins a pawn, since Black's queenside collapses), I intended the
desperate} b3 17. Qxb3 g5 {[%csl Rd4] but then after the precise} 18. Qa4 $1 {
protecting pawn d4, Black is basically lost.} (18. fxg5 e5 {would offer Black
some play})) 16... Ne4 17. Bxe4 fxe4 (17... dxe4 18. Qe2 $16) 18. Qg4 Nd7 19.
Nxd7 $2 {Stanislav wrongly evaluated the resulting endgame.} (19. Qe6 $1 {
was the last chance to fight for advantage.} Nxb6 20. cxb6 Qxb6 21. Rc1 {
with very good compensation for the pawn.}) 19... Qxd7 20. a3 Qxg4 (20... b3
21. a4 Qxg4 {is the same as the game}) 21. hxg4 b3 $1 22. a4 Kf7 {The endgame
is in fact pretty simple. Black has two weaknesses - b3 and a5. In order to
win one of them, White needs to attack twice pawn b3 (with either both rooks,
or with the rook and king) and at the same time keep pawn a5 under attack with
his bishop. That is impossible, because either the king or one of the rooks
will have to occupy square c3, closing the diagonal a5-e1. Then the pawn a5 is
no longer under attack. In that case Black simply protects pawn b3 by doubling
rooks on the b-file, leaving pawn a5 unprotected. Moreover, the draw becomes
evident as soon as Black will transfer the bishop to c7. All this leaves White
with the only possibility to break through on the kingside. But Black is able
to defend there as well.} (22... O-O $5) 23. g5 (23. f5 g5 $11) (23. Rh1 h6 24.
g5 $2 hxg5 $1 25. Rxh8 Bxh8 26. fxg5 e5 $17) 23... Rb8 24. Ke2 e6 25. g4 Bf8
26. Raf1 Be7 27. Rh1 (27. f5 $2 Bxg5) 27... Kg8 28. Rh2 (28. f5 Bxg5 29. fxe6
Rf8 30. Rxf8+ Kxf8 31. Rf1+ Ke8 $11 32. Rf7 Rxf7 33. exf7+ Kxf7 34. Bxa5 h5 35.
gxh5 gxh5 36. Bc7 Ke6 $11) 28... Rf8 29. Rfh1 Bd8 30. Bc3 1/2-1/2

[Event "RUS-ch 62nd"]
[Site "Moscow"]
[Date "2009.12.20"]
[Round "1"]
[White "Timofeev, Artyom"]
[Black "Jakovenko, Dmitrij"]
[Result "1/2-1/2"]
[WhiteElo "2651"]
[BlackElo "2736"]
[Annotator "Rogozenco,D"]
[PlyCount "92"]
[EventDate "2009.12.20"]
[EventType "tourn"]
[EventRounds "9"]
[EventCountry "RUS"]
[EventCategory "18"]
[SourceTitle "CBM 134"]
[Source "ChessBase"]
[SourceDate "2010.01.18"]
[SourceVersion "1"]
[SourceVersionDate "2010.01.18"]
[SourceQuality "1"]

1. d4 d5 2. c4 c6 3. Nf3 Nf6 4. Nc3 a6 5. Ne5 Nbd7 6. Bf4 dxc4 7. e3 {"We
surprised each other in the opening", said Timofeev after the game. Indeed,
White chooses a sideline only to be confronted with a novelty soon after that.}
(7. Nxc4 {is the main continuation.}) 7... Nxe5 (7... b5 8. Nxc6 Qb6 9. Ne5 (9.
d5 Bb7 10. a4 Bxc6 11. dxc6 Qxc6 12. axb5 axb5 13. Rxa8+ Qxa8 14. Nxb5 Qa5+ 15.
Nc3 e5 16. Bg3 Bb4 $36 {0-1 Ortega Hermida,D (2365)-Drozdovskij,Y (2458)/Las
Palmas 2003 (48)}) 9... Bb7 10. Be2 Bxg2 11. Rg1 Bb7 12. a4 Rc8 (12... g6 $142
13. Bf3 Nxe5 14. Bxe5 Bg7 15. axb5 O-O $11) 13. axb5 axb5 14. Rg5 Nxe5 15. Rxe5
Bc6 16. Bf3 $36 {1-0 Dao Thien Hai (2583)-Le Quang,L (2297)/Dalat City 2004 
(23)}) 8. dxe5 Qxd1+ $146 ({Previously Black played only} 8... Nd5 {but wasn't
able to show equality after} 9. Bxc4 $14) 9. Rxd1 Nd5 10. Rxd5 $1 {The only
way to fight for an advantage.} ({In the event of} 10. Bxc4 Nxc3 11. bxc3 b5
12. Bb3 e6 13. Ke2 Bb7 {Black's chances are at least equal.}) 10... cxd5 11.
Nxd5 Ra7 $8 (11... Rb8 $2 {runs into the obvious} 12. e6 fxe6 (12... Bxe6 13.
Nc7+ Kd7 14. Nxe6 $18) 13. Nb6 $18) (11... Kd8 $2 12. Nb6 Ra7 13. e6 {[%cal
Gf4b8]} a5 14. exf7 Be6 15. Bxc4 $18) 12. Nb6 Be6 13. a4 {When sacrificing the
exchange three moves ago White had to evaluate how big his compensation is. It
is clear that the rook on a7 is out of play, but on the other hand it's not
easy for White to exploit this factor, since Black has no obvious weaknesses
and will soon complete development. Taking the pawn on c4 is not really an
option for White, who would like to keep the knight on b6. The course of the
game proves that although White is better, with accurate defence Black is able
to keep the balance.} g5 $5 {Jakovenko feels that Black's main priority is to
complete his development quickly and return the extra material in order to
make a draw. He succeeded in doing this.} (13... g6 $13) ({One of the
questions is whether White or Black must hurry up to place his own pawn on a5.
In the game both players decided that this is not a priority.} 13... a5 14. e4
Ra6 15. Be3 $13) 14. Bxg5 Bg7 15. Bf4 (15. f4 $6 f6 16. exf6 exf6 17. Bh4 f5
$132) 15... O-O 16. Be2 f6 17. e4 $1 (17. exf6 Bxf6 $132 {[%csl Rb2]}) 17... f5
$1 (17... fxe5 18. Be3 $44 {[%csl Ra7,Rg7]}) 18. a5 (18. Kd2 fxe4 19. Ke3 a5
$13) 18... fxe4 19. g3 Raa8 $1 {A good practical solution. Jakovenko simply
follows his initial plan to neutralize White's initiative. Material is less
important.} (19... Rd8 20. O-O $44) 20. Nxa8 Rxa8 21. Kd2 Rc8 22. Rc1 Bf8 {
The evaluation hasn't changed - White's advantage is minimal. Black's main
problem is now the passivity of his dark-squared bishop. This factor will
count only if White can create targets on Black's queenside.} 23. f3 {White
has many attractive possibilities, but there is no clear way to increase the
advantage.} (23. Ke3 Bd5 24. b3 {leads by force to an interesting draw:} (24.
Bf1 e6 25. Bg2 Bc5+ 26. Ke2 Bd4 27. Rc2 c3 $132) (24. f3 exf3 25. Bxf3 Bxf3 26.
Kxf3 Rc5 27. Ke4 Kf7 $11) 24... cxb3 $1 25. Rxc8 b2 26. Bh6 Kf7 27. Bh5+ (27.
Rxf8+ $2 Kg6) 27... Ke6 28. Bg4+ (28. Rxf8 {is a more complicated draw:} Kd7 (
28... b1=Q $4 29. Bg4+ Kxe5 30. Bf4#) 29. Be8+ Kc7 30. e6 Kd6 31. Kd4 b1=Q 32.
Bf4+ Kxe6 33. Bf7+ Kd7 34. Bxd5 Qb2+ 35. Kxe4 Qc2+ 36. Ke5 Qc3+ 37. Kf5 Qd3+
38. Ke5 Qc3+ 39. Ke4 Qc2+ 40. Kd4 Qb2+ $11) 28... Kf7 29. Bh5+ Ke6 $11) ({
After the immediate} 23. b3 {Black has a check on d8 to unpin the rook:} Rd8+
24. Kc3 cxb3) 23... exf3 24. Bxf3 Rb8 $1 (24... Rc7 25. b4 $1 (25. Kc3 Rc5 $14)
25... Rd7+ 26. Kc2 Bg7 27. Rd1 $16 {[%csl Rc4]}) (24... Rc5 $2 25. b4 Rc7 26.
Kc3 {[%cal Gc1d1,Gd1d8]} Rd7 27. Rd1 Rxd1 28. Bxd1 $16 {/+-}) 25. Rd1 (25. Kc3
b6 26. axb6 Rxb6 27. Be4 Rb3+ 28. Kc2 Rb4 $5 $13 {[%csl Re4][%cal Gc4c3,Gb4e4]
/+/=}) 25... b6 26. axb6 Rxb6 27. Kc1 Rb3 $1 28. Be4 c3 {After the exchange of
White's last queenside pawn Black has nothing to fear any more and easily
secures the draw.} 29. bxc3 Rxc3+ 30. Kd2 Ra3 31. Rc1 Ra2+ 32. Rc2 Rxc2+ 33.
Kxc2 $11 Bg7 34. Kc3 a5 35. Bc6 Kf7 36. Ba4 Kg6 37. Kd4 (37. Bc2+ Bf5 38. Bb3
Bh6 $11) 37... Bh6 38. Bc2+ Kg7 (38... Kh5 39. Bxh7 Bxf4 40. gxf4 Kg4 41. Ke3
a4 42. Bb1 a3 43. f5 Bxf5 44. Ba2 $11) 39. Kc5 Bxf4 40. gxf4 Bd7 41. f5 a4 42.
Kb4 h6 43. Be4 Kf8 44. Bc2 Kg7 45. Be4 Kf8 46. Bc2 Kg7 {An interesting game,
where both players showed creativity and where in the end the defence
prevailed.} 1/2-1/2

[Event "Skopje op 18th"]
[Site "Skopje"]
[Date "2002.01.22"]
[Round "8"]
[White "Rogozenco, Dorian"]
[Black "Kutirov, Rolando"]
[Result "1-0"]
[WhiteElo "2530"]
[BlackElo "2367"]
[Annotator "Rogozenco,D"]
[PlyCount "69"]
[EventDate "2002.01.15"]
[EventType "swiss"]
[EventRounds "9"]
[EventCountry "MKD"]
[SourceTitle "CBM 088"]
[Source "ChessBase"]
[SourceDate "2002.03.21"]
[SourceVersion "1"]
[SourceVersionDate "2002.03.21"]
[SourceQuality "1"]

1. d4 d5 2. c4 c6 3. Nf3 Nf6 4. Nc3 a6 5. c5 Bf5 6. Bf4 Nbd7 7. e3 {A try to
spare time on the move h3 didn't work out.} (7. h3 {is more precise.}) 7... Nh5
$1 (7... e6 8. Nd2 Be7 9. Be2 $14) 8. Be5 (8. Nh4 Nxf4 (8... Bg6 $6 9. Bg5 $14)
9. Nxf5 Ng6 $11) 8... Nxe5 (8... f6 9. Bg3 $5) 9. Nxe5 Nf6 10. g4 Be6 11. f4 g6
12. Bd3 Bg7 13. f5 Bc8 14. Qf3 O-O {White's position looks attractive, but in
fact the evaluation is far from clear, since Black has no weaknesses.} (14...
Nd7 $4 15. Nxf7 Kxf7 16. fxg6+ {and mate next.}) 15. O-O (15. Qh3 Nd7 16. Nf3
e5 {is okay for Black.}) (15. O-O-O Nd7 16. Nxd7 Bxd7 $13) 15... Nd7 16. Nxd7
Bxd7 17. Na4 e5 18. dxe5 Bxe5 19. Nb6 $6 {There was no point to let black
queen enter kingside.} (19. f6 Qa5 $1 (19... Qc7 20. Rf2 $36 {>>}) 20. Nb6 Rad8
21. Qh3 $36 Kh8 22. Qh6 Rg8 23. Nxd7 Rxd7 24. Rf3 Bxf6 25. Rxf6 Qd2 $1 $132)
19... Qh4 $1 (19... Rb8 20. Rf2 $16) 20. Rf2 Rad8 21. Raf1 Qh6 22. b4 $13 Kh8
23. Rg2 Bc8 24. Rff2 Qg5 25. Qh3 Rde8 26. Rf3 Kg7 27. Rgf2 f6 28. Qg2 Re7 $2 {
Almost any other move would have kept the position unclear and complicated,
with chances for both sides.} 29. h4 $1 {Finally White succeeds to break
through.} Qxh4 30. Nxc8 Rxc8 31. g5 Rf8 (31... fxg5 32. Rh3 $1 (32. f6+ Bxf6
33. Rxf6 Rxe3 $132) 32... Qxb4 33. Qxg5 $18) (31... Qxg5 $1 {The only move,
but with little time is difficult to evaluate that Black is okay in the end of
the following variation:} 32. Qxg5 fxg5 33. f6+ Bxf6 34. Rxf6 Rce8 $1 $13 (
34... Rxe3 $2 35. Rf7+ Kg8 36. Bf1 $16)) 32. fxg6 {White's attack is decissive.
} Kh8 33. a3 Ree8 34. g7+ Kxg7 35. gxf6+ (35. gxf6+ Kh6 36. Qg7+ Kh5 37. Rf5+ {
with mate.}) 1-0